000 00751nam a2200253Ia 4500
003 OSt
005 20220926025111.0
006 a|||||r|||| 00| 0
007 ta
008 220923b |||||||| |||| 00| 0 eng d
020 _a0195860039
037 _cGeneral Book
040 _aRTL
_cRTL
_beng
041 _2eng
_aeng
082 _aX9(J).4, N9
100 _aQuibria M G
245 0 _aRural poverty in Asia
_b Priority issues and policy options
260 _aOxford
_bOxford University Press
_c1993
300 _axxi, 433p Bibliography chapterwise
_ccm.
490 _aAsian Development Bank Publication
650 _aAgricultural Economics
942 _hX9(J).4, N9
_cGB
_2CC
999 _c646269
_d646269